000 00468nam a2200169Ia 4500
003 LDD
008 190117s9999 xx 000 0 und d
020 _c₹25
040 _cLDD
041 _ahi
082 _a8H8.09 न 1664 का
100 _aनगेन्द्र
245 0 _aकालजयी कृतियाँ
_cनगेन्द्र
260 _aनई दिल्ली
_bनेशनल
_c1980
300 _a105प्र.
942 _2ddc
_cH
999 _c161884
_d161884